1403 1411 1920 1536 1044 1557 1548 1045 1348 1819 1092 1602 1790 1424 1427 1477 1889 1920 1933 1991 1217 1349 1652 1994 1282 1614 1187 1514 1259 1328 1687 1516 1694 1385 1891 1604 1924 1873 1346 1576 1679 1003 1406 1844 1457 1351 1978 1720 1302 1297 1481 1300 1854 1981 1040 1829 1747 1586 1350 1819 1602 1951 1036 1251 1775 1531 1450 1660 1005 1504 1196 1766 1165 1096 1782 1323 1083 1964 1945 1458 1763 1976 1821 1516 1275 1872 1352 1414 1990 1033 1425 1156 1631 1629 1334 1294 1075 1310 1905 BCNSPRNW ULIB Ver.6.0+V

เปลี่ยนเป็นภาษาไทย

Change to English
 แสดงรายละเอียดบรรณานุกรม
  กลับหน้าหลัก

Brief Record : Get Marc (ISO 2709) : E-mail record : QR code < ปิดหน้าต่าง
LEADER : 00000nam 2200000uu 4500
001    13399114382
003     ULIB
008    120327s2552||||th 000 0 tha d
020    ^a9786160600199
090    ^aนว.^bช742D 2552
100 0  ^aเชิงอรรถ
245 00 ^aThe Dragon Garrett ผู้พิทักษ์มังกร/^cเชิงอรรถ
250    ^aพิมพ์ครั้งที่ 2
260    ^aกรุงเทพฯ :^bแจ่มใส,^c2552
300    ^a377 หน้า
710 1  ^aแจ่มใส
945    ^p239^l0^i16421
995    ^aกัณชพร
999    ^aใช้งานได้ทุกระบบ
รายการนี้ยังไม่มีแท็ก
คุณยังไม่ได้ล็อกอิน คุณสามารถมีกิจกรรมร่วมกับเว็บไซต์ได้ แต่ต้องล็อกอินก่อน ::
  ล็อกอิน

รายการสื่อสารสนเทศ

ลำดับที่ ประเภท เลขเรียก/บาร์โค้ด สถานที่ สถานะ
1. นวนิยาย
นวนิยาย
นว. ช742D 2552  
  Barcode: 16421
ห้องสมุดวิทยาเขตสวรรค์ประชารักษ์
►นวนิยาย
บนชั้น
  ขอยืม

รายการใกล้เคียง
    ผู้แต่ง [เชิงอรรถ]

BibComment


ยังไม่เคยถูกคอมเมนท์

คอมเมนท์ทรัพยากรรายการนี้
  คอมเมนท์: The Dragon Garre..


 Copyright 2026. Bcnsprnw @Library